[Event "Champigny sur Marne op"]
[Site "Champigny sur Marne"]
[Date "2005.03.??"]
[Round "5"]
[White "Levraux, V."]
[Black "Chiche, Jonathan"]
[Result "0-1"]
[WhiteElo "1199"]
[BlackElo "1410"]
[PlyCount "78"]
[EventDate "2005.03.??"]
[EventType "swiss"]
[EventRounds "7"]
[EventCountry "FRA"]
[SourceTitle "EXT 2007"]
[Source "ChessBase"]
[SourceDate "2006.11.23"]
[SourceVersion "1"]
[SourceVersionDate "2006.11.23"]
[SourceQuality "1"]

1. Nf3 c6 2. g3 d5 3. Bg2 Nf6 4. d3 Nbd7 5. 0-0 Qb6 6. Be3 Qxb2 7. Bd4 Qb4 8. a3 Qd6 9. Nbd2 g6 10. c4 Bg7 11. cxd5 cxd5 12. Rc1 b6 13. Qc2 0-0 14. e4 dxe4 15. dxe4 e5 16. Nc4 Qc7 17. Nfxe5 Nxe5 18. Bxe5 Qd7 19. Rfd1 Qe8 20. Nd6 Qxe5 21. Nxc8 Rfxc8 22. Qa4 Rxc1 23. Rxc1 a5 24. Qc6 Rb8 25. f4 Qe8 26. Qd6 Nd7 27. Rc7 Bf8 28. Qxd7 Qxd7 29. Rxd7 Bxa3 30. e5 b5 31. Bd5 b4 32. Bxf7+ Kf8 33. e6 b3 34. f5 gxf5 35. Bh5 b2 36. e7+ Bxe7 37. Kg2 b1Q 38. Kf3 Qe4+ 39. Kf2 Rb2+ 0-1

[Event "Champigny sur Marne op"]
[Site "Champigny sur Marne"]
[Date "2005.03.??"]
[Round "6"]
[White "Levraux, V."]
[Black "Cotting, Rene Yves"]
[Result "0-1"]
[WhiteElo "1199"]
[BlackElo "1390"]
[PlyCount "130"]
[EventDate "2005.03.??"]
[EventType "swiss"]
[EventRounds "7"]
[EventCountry "FRA"]
[SourceTitle "EXT 2007"]
[Source "ChessBase"]
[SourceDate "2006.11.23"]
[SourceVersion "1"]
[SourceVersionDate "2006.11.23"]
[SourceQuality "1"]

1. b4 Nf6 2. Bb2 e6 3. a3 d5 4. e3 Be7 5. Bb5+ Bd7 6. Bxd7+ Nbxd7 7. Nf3 Nb6 8. 0-0 Nc4 9. Bc3 Nd6 10. Nd4 Nfe4 11. Qg4 Bf6 12. Bb2 0-0 13. d3 Bxd4 14. Bxd4 Nf6 15. Qg3 Nf5 16. Qg5 Nxd4 17. exd4 Re8 18. Nd2 Qd6 19. c4 e5 20. c5 Qe6 21. Rfe1 Qg4 22. Qxg4 Nxg4 23. h3 Nf6 24. dxe5 Nd7 25. d4 Re7 26. Nb3 b6 27. c6 Nf8 28. a4 f6 29. a5 Rae8 30. f4 Ne6 31. g3 a6 32. axb6 cxb6 33. Rxa6 b5 34. Nc5 Nxd4 35. Nd7 Nf3+ 36. Kf1 Nxe1 37. Kxe1 Rc8 38. Nxf6+ gxf6 39. Ra5 fxe5 40. Rxb5 exf4+ 41. Kf2 fxg3+ 42. Kxg3 d4 43. Rg5+ Rg7 44. Rxg7+ Kxg7 45. b5 Kf6 46. h4 Ke6 47. Kf3 Kd6 48. Ke4 Kc5 49. h5 Kxb5 50. Kxd4 Rxc6 51. Ke4 Rc5 52. Kf4 Rxh5 53. Kg4 Rc5 54. Kf4 Kc4 55. Kg4 Kd4 56. Kf4 h6 57. Kg4 Ke4 58. Kh4 Rg5 59. Kh3 Kf3 60. Kh4 Kf4 61. Kh3 Kf3 62. Kh4 Rg2 63. Kh5 Kf4 64. Kxh6 Kf5 65. Kh5 Rh2# 0-1